Click to Translate - Czech - Statistics

General Stats
  • This quiz has been taken 3,395 times
  • The average score is 14 of 20
Answer Stats
Hint Answer % Correct
Salt Sůl
90%
Twenty Dvacet
79%
Birthday Narozeniny
79%
Month Měsíc
77%
Cat Kočka
76%
River Řeka
76%
Yes Ano
75%
Father Otec
74%
Eat Jíst
73%
Time Čas
71%
Airport Letiště
71%
After Po
70%
Yesterday Včera
69%
Church Kostel
68%
Welcome Vítejte
63%
Blue Modrý
62%
Christmas Vánoce
53%
Music Hudba
52%
Holiday Dovolená
51%
October Říjen
49%
No matching quizzes found
Score Distribution
Percent of People with Each Score
Percentile by Number Answered
Your Score History
You have not taken this quiz